[Event "Torneo A"]
[Site "Formia ITA"]
[Date "1995.07.??"]
[Round "?"]
[White "Sulava, Nenad"]
[Black "Marinelli, Tullio"]
[Result "1-0"]
[WhiteElo "2390"]
[BlackElo "2440"]
[PlyCount "71"]
[EventDate "1995.07.20"]

1. g3 Nf6 2. Bg2 e6 3. Nf3 b6 4. O-O Bb7 5. d3 c5 6. e4 d5 7. Nbd2 Nc6 8. Re1
Be7 9. Qe2 Rc8 10. e5 Ng8 11. c4 Nh6 12. cxd5 Qxd5 13. Ne4 Nf5 14. Nh4 Ncd4 15.
Qg4 h5 16. Qf4 Nxh4 17. gxh4 Qd7 18. Qg3 Nf5 19. Qh3 Nxh4 20. Bh1 Nf5 21. Bf4
g5 22. Bxg5 Rg8 23. f4 Bxg5 24. fxg5 Bxe4 25. Bxe4 Rxg5+ 26. Kh1 Ke7 27. Rf1
Rcg8 28. Rae1 Qd4 29. Qf3 Qxb2 30. Bxf5 exf5 31. Qb7+ Kf8 32. e6 Qg2+ 33. Qxg2
Rxg2 34. Rxf5 f6 35. e7+ Kf7 36. e8=Q+ 1-0

[Event "Torneo A"]
[Site "Formia ITA"]
[Date "1995.07.??"]
[Round "?"]
[White "Sulava, Nenad"]
[Black "Palac, Mladen"]
[Result "1-0"]
[WhiteElo "2390"]
[BlackElo "2515"]
[PlyCount "55"]
[EventDate "1995.07.20"]

1. d4 Nf6 2. Nf3 e6 3. c4 b6 4. g3 Ba6 5. Qc2 Bb7 6. Nc3 Bb4 7. Bg2 c5 8. dxc5
bxc5 9. O-O O-O 10. Bg5 Bc6 11. Nb5 Ba5 12. Rad1 h6 13. Bxf6 Qxf6 14. e4 a6 15.
Nd6 e5 16. Nf5 Bc7 17. Rd2 d6 18. Rfd1 Rd8 19. h4 Bb7 20. g4 Nc6 21. g5 hxg5
22. hxg5 Qg6 23. Rd3 Kf8 24. Qd2 Qh5 25. Nh2 Kg8 26. Rh3 Qg6 27. Qe3 Nd4 28.
Ne7+ 1-0

[Event "Torneo A"]
[Site "Formia ITA"]
[Date "1995.07.??"]
[Round "?"]
[White "Sulava, Nenad"]
[Black "Piskov, Yury"]
[Result "0-1"]
[WhiteElo "2390"]
[BlackElo "2535"]
[PlyCount "100"]
[EventDate "1995.07.20"]

1. d4 e6 2. Nf3 Nf6 3. c4 b6 4. g3 c6 5. Bg2 d5 6. O-O Be7 7. Nc3 Bb7 8. b3 O-O
9. Qc2 Ba6 10. a4 dxc4 11. bxc4 Bxc4 12. Ne5 Qxd4 13. Bxc6 Qxe5 14. Bxa8 Na6
15. Bf3 Nb4 16. Qb2 Qf5 17. Nb5 Nc2 18. Nd4 Nxd4 19. Qxd4 Rc8 20. Ba3 Bxa3 21.
Rxa3 e5 22. Qe3 e4 23. Bg2 Qh5 24. Rc1 Rd8 25. Rxc4 Rd1+ 26. Bf1 Qh3 27. Rc8+
Qxc8 28. Kg2 h5 29. Rc3 Qe6 30. Qg5 Rd5 31. Qf4 Kh7 32. h3 Rf5 33. Qc1 Nd7 34.
Rc6 Qd5 35. Qc4 Nc5 36. Qxd5 Rxd5 37. e3 Nxa4 38. Rc7 a5 39. Rxf7 b5 40. Ra7 b4
41. Bc4 Rc5 42. Bb3 Nb2 43. g4 h4 44. Be6 a4 45. Bf5+ Rxf5 46. gxf5 a3 47. f6
Kg8 48. fxg7 Nc4 49. f4 exf3+ 50. Kxf3 b3 0-1

[Event "Torneo A"]
[Site "Formia ITA"]
[Date "1995.07.??"]
[Round "?"]
[White "Tatai, Stefano"]
[Black "Djuric, Stefan"]
[Result "0-1"]
[WhiteElo "2435"]
[BlackElo "2470"]
[PlyCount "100"]
[EventDate "1995.07.20"]

1. e4 e5 2. Nf3 Nc6 3. Bb5 a6 4. Ba4 Nf6 5. O-O Be7 6. Qe2 b5 7. Bb3 O-O 8. c3
d5 9. d3 Bb7 10. Rd1 Re8 11. Nbd2 Bf8 12. a3 h6 13. Ba2 Nb8 14. Nf1 Nbd7 15.
Ng3 c5 16. exd5 Nxd5 17. Ne4 N7f6 18. Qc2 Qc7 19. Nfd2 Nh5 20. Nf1 Rad8 21.
Nfg3 Nxg3 22. hxg3 Qc6 23. f3 Qg6 24. c4 Nc7 25. cxb5 Nxb5 26. Qf2 Bd5 27. Bxd5
Rxd5 28. Be3 f5 29. a4 Nd4 30. Nc3 Rd7 31. Re1 Ne6 32. Rad1 f4 33. gxf4 exf4
34. Bc1 Rxd3 35. Rxd3 Qxd3 36. Bxf4 Qg6 37. Be3 Bd6 38. Ne4 Be5 39. Bxc5 Nf4
40. Qc2 Rc8 41. b4 a5 42. Rb1 axb4 43. Qa2+ Kh7 44. Rxb4 Nd3 45. Rc4 Nxc5 46.
Qc2 Nxe4 47. Rxc8 Bd4+ 48. Kf1 Qa6+ 49. Rc4 Qxc4+ 50. Qxc4 Nd2+ 0-1

[Event "Torneo A"]
[Site "Formia ITA"]
[Date "1995.07.??"]
[Round "?"]
[White "Tatai, Stefano"]
[Black "Zelcic, Robert"]
[Result "1-0"]
[WhiteElo "2435"]
[BlackElo "2500"]
[PlyCount "87"]
[EventDate "1995.07.20"]

1. e4 Nf6 2. e5 Nd5 3. d4 d6 4. Nf3 Bg4 5. Be2 e6 6. O-O Be7 7. h3 Bh5 8. c4
Nb6 9. Nc3 O-O 10. Be3 a6 11. Qb3 dxe5 12. Nxe5 Bxe2 13. Nxe2 N8d7 14. Rfd1 Qc8
15. Nf3 a5 16. Nf4 a4 17. Qc2 h6 18. Rac1 c5 19. d5 e5 20. d6 Bd8 21. Nd5 Re8
22. Nxb6 Nxb6 23. Nd2 Qc6 24. f3 Nd7 25. Ne4 Re6 26. Rd5 b5 27. Qd3 bxc4 28.
Rxc4 Bb6 29. g4 Ra5 30. Bd2 Rb5 31. Bc3 Bd8 32. Kg2 g6 33. Kf1 f5 34. gxf5 gxf5
35. Nd2 Nb6 36. Rxe5 Rxe5 37. Bxe5 Nxc4 38. Qxc4+ Kf8 39. Qe6 Rb7 40. Qxh6+ Ke8
41. Qe6+ Kf8 42. Qh6+ Kg8 43. Qh8+ Kf7 44. Qxd8 1-0

[Event "Torneo A"]
[Site "Formia ITA"]
[Date "1995.07.??"]
[Round "?"]
[White "Tiviakov, Sergei"]
[Black "Bellia, Fabrizio"]
[Result "1-0"]
[WhiteElo "2655"]
[BlackElo "2300"]
[PlyCount "73"]
[EventDate "1995.07.20"]

1. e4 e5 2. Nf3 Nc6 3. Bb5 g6 4. c3 Bg7 5. d4 d6 6. dxe5 dxe5 7. Bxc6+ bxc6 8.
Qa4 Ne7 9. Be3 Qd3 10. Nbd2 Qb5 11. Qa3 Qa6 12. Qc5 Qb5 13. Nc4 f6 14. Nfd2 Bd7
15. Qa3 Nc8 16. Bc5 Kf7 17. O-O Nb6 18. b3 Be6 19. f4 Nd7 20. Be3 exf4 21. Bxf4
Qc5+ 22. Qxc5 Nxc5 23. Na5 Bd7 24. Bxc7 Rhe8 25. Rae1 Bh6 26. Nac4 Kg7 27. Bg3
Be6 28. Bh4 g5 29. Bg3 Bxc4 30. Nxc4 Nxe4 31. Be5 fxe5 32. Rxe4 Kg8 33. Rf5
Rad8 34. Rfxe5 Rxe5 35. Rxe5 Rd1+ 36. Kf2 Ra1 37. Ra5 1-0

[Event "Torneo A"]
[Site "Formia ITA"]
[Date "1995.07.??"]
[Round "?"]
[White "Tiviakov, Sergei"]
[Black "Piskov, Yury"]
[Result "1/2-1/2"]
[WhiteElo "2655"]
[BlackElo "2535"]
[PlyCount "36"]
[EventDate "1995.07.20"]

1. e4 e6 2. d4 d5 3. Nd2 c5 4. exd5 exd5 5. Ngf3 Nf6 6. Be2 Bd6 7. dxc5 Bxc5 8.
Nb3 Bb6 9. O-O O-O 10. c3 h6 11. Nbd4 Re8 12. Be3 Nc6 13. Qd3 Bg4 14. Rae1 Ne4
15. Nxc6 bxc6 16. Nd4 Bd7 17. f3 Nd6 18. Bf2 c5 1/2-1/2

[Event "Torneo A"]
[Site "Formia ITA"]
[Date "1995.07.??"]
[Round "?"]
[White "Vukovic, Zdravko"]
[Black "Lanzani, Mario"]
[Result "1/2-1/2"]
[WhiteElo "2470"]
[BlackElo "2330"]
[PlyCount "110"]
[EventDate "1995.07.20"]

1. e4 e6 2. d4 d5 3. Nc3 Bb4 4. exd5 exd5 5. Bd3 Nc6 6. Nge2 Bg4 7. f3 Bh5 8.
O-O Bg6 9. f4 Bxd3 10. Qxd3 Nf6 11. f5 Bd6 12. Bg5 Nb4 13. Qe3+ Kd7 14. Qf3 c6
15. a3 Na6 16. b4 Nc7 17. b5 cxb5 18. Bxf6 Qxf6 19. Nxd5 Qh6 20. h3 Rae8 21.
Nef4 Nxd5 22. Qxd5 Kc7 23. Nd3 Qe3+ 24. Nf2 h5 25. Qxb5 Qxd4 26. Rab1 b6 27.
Qa6 Kb8 28. Rfd1 Qc5 29. Rb5 Qc7 30. Rbd5 Rd8 31. Kf1 Bg3 32. Qa4 Rxd5 33. Rxd5
Rd8 34. Rxd8+ Qxd8 35. Nd3 Bd6 36. Qd4 g6 37. Ne5 Qc7 38. Nxf7 Bc5 39. Qh8+ Kb7
40. fxg6 Qf4+ 41. Ke2 Qe3+ 42. Kd1 Qg1+ 43. Kd2 Qe3+ 44. Kd1 Qg1+ 45. Kd2 Qxg2+
46. Kd1 Qxg6 47. Qe8 Qg1+ 48. Kd2 Qd4+ 49. Ke2 Qf2+ 50. Kd1 Qf3+ 51. Kd2 Qf2+
52. Kd1 Qd4+ 53. Ke2 Ka6 54. Ne5 Qe3+ 55. Kd1 Qg1+ 1/2-1/2

[Event "Torneo A"]
[Site "Formia ITA"]
[Date "1995.07.??"]
[Round "?"]
[White "Vukovic, Zdravko"]
[Black "Naumkin, Igor"]
[Result "1/2-1/2"]
[WhiteElo "2470"]
[BlackElo "2455"]
[PlyCount "99"]
[EventDate "1995.07.20"]

1. e4 e6 2. d4 d5 3. Nc3 Bb4 4. exd5 exd5 5. Bd3 Nc6 6. Nge2 Nge7 7. Bg5 f6 8.
Bf4 Bf5 9. O-O O-O 10. Na4 Bd6 11. Nc5 Bxc5 12. dxc5 Qd7 13. Bxf5 Nxf5 14. Bxc7
d4 15. Ng3 Nxg3 16. Bxg3 Qd5 17. Bd6 Rfe8 18. Qd3 Nb4 19. Qd2 Qc4 20. c3 Nc6
21. Rfe1 dxc3 22. Qxc3 Qxc3 23. bxc3 Rxe1+ 24. Rxe1 Rd8 25. Kf1 Kf7 26. Re4 Re8
27. Rh4 h6 28. Ra4 Ke6 29. Re4+ Kf7 30. Rxe8 Kxe8 31. Ke2 h5 32. Kd3 Kf7 33.
Kc4 Ke6 34. Kb5 g6 35. a4 Kd7 36. a5 a6+ 37. Kb6 Kc8 38. h3 f5 39. h4 Nd8 40.
Be5 Nc6 41. Bd6 Nd8 42. f3 Nc6 43. f4 Nd8 44. c6 Nxc6 45. Bb4 Nd8 46. c4 Ne6
47. Bd2 Nd4 48. Be3 Ne6 49. Bd2 Nd4 50. Be3 1/2-1/2

[Event "Torneo A"]
[Site "Formia ITA"]
[Date "1995.07.??"]
[Round "?"]
[White "Vukovic, Zdravko"]
[Black "Piskov, Yury"]
[Result "1/2-1/2"]
[WhiteElo "2470"]
[BlackElo "2535"]
[PlyCount "22"]
[EventDate "1995.07.20"]

1. e4 e6 2. d4 d5 3. Nc3 Nf6 4. e5 Nfd7 5. Nce2 c5 6. c3 cxd4 7. cxd4 f6 8. Nf4
Bb4+ 9. Bd2 Qb6 10. Bxb4 Qxb4+ 11. Qd2 Qxd2+ 1/2-1/2

[Event "Torneo A"]
[Site "Formia ITA"]
[Date "1995.07.??"]
[Round "?"]
[White "Vukovic, Zdravko"]
[Black "Sulava, Nenad"]
[Result "1/2-1/2"]
[WhiteElo "2470"]
[BlackElo "2390"]
[PlyCount "21"]
[EventDate "1995.07.20"]

1. e4 e6 2. d4 d5 3. Nc3 dxe4 4. Nxe4 Bd7 5. Nf3 Bc6 6. Bd3 Bxe4 7. Bxe4 c6 8.
O-O Nf6 9. Bd3 Bd6 10. Qe2 O-O 11. c4 1/2-1/2

[Event "Torneo A"]
[Site "Formia ITA"]
[Date "1995.07.??"]
[Round "?"]
[White "Zelcic, Robert"]
[Black "Efimov, Igor"]
[Result "1/2-1/2"]
[WhiteElo "2500"]
[BlackElo "2450"]
[PlyCount "121"]
[EventDate "1995.07.20"]

1. e4 c5 2. Nf3 d6 3. d4 cxd4 4. Nxd4 Nf6 5. Nc3 Bd7 6. Bc4 Nc6 7. O-O Rc8 8.
Re1 g6 9. Bg5 Bg7 10. Nxc6 Bxc6 11. Bb3 O-O 12. a4 Re8 13. Qd2 Nd7 14. Qf4 Bf6
15. Bxf6 Nxf6 16. Rad1 Qc7 17. Rd3 Kg7 18. Rh3 h5 19. Rf3 Qa5 20. h3 Qe5 21.
Qd2 e6 22. Rd3 Rcd8 23. f4 Qc5+ 24. Kh1 d5 25. Rd1 Rd7 26. e5 Ng8 27. Ne4 Qe7
28. Nd6 Red8 29. Qc3 Kh7 30. Qd4 Nh6 31. a5 a6 32. Qf2 Nf5 33. Nxf5 gxf5 34.
Rg3 Rg8 35. Rdd3 Rdd8 36. Kh2 Rxg3 37. Rxg3 Rg8 38. Rxg8 Kxg8 39. Qf3 h4 40.
Qh5 Bb5 41. c3 Qd8 42. Qg5+ Qxg5 43. fxg5 f4 44. Bc2 Kg7 45. Kg1 Be2 46. Kf2
Bh5 47. c4 Bg6 48. Bd1 dxc4 49. Bf3 Bd3 50. Bh5 Be4 51. Kg1 Kf8 52. Kf2 Ke7 53.
Be2 Bd5 54. Bh5 Kf8 55. Kg1 Ke8 56. Kf2 Ke7 57. Kg1 Kf8 58. Kf2 Kg7 59. Kg1 Bc6
60. Kf2 Be4 61. Kg1 1/2-1/2

[Event "Torneo A"]
[Site "Formia ITA"]
[Date "1995.07.??"]
[Round "?"]
[White "Zelcic, Robert"]
[Black "Godena, Michele"]
[Result "0-1"]
[WhiteElo "2500"]
[BlackElo "2420"]
[PlyCount "78"]
[EventDate "1995.07.20"]

1. e4 c5 2. Nf3 Nc6 3. d4 cxd4 4. Nxd4 Nf6 5. Nc3 d6 6. Be2 e6 7. O-O Be7 8.
Kh1 O-O 9. f4 Bd7 10. Ndb5 Qb8 11. a4 a6 12. Na3 Qc7 13. Be3 Rab8 14. Qe1 Nb4
15. Qf2 b5 16. axb5 axb5 17. e5 dxe5 18. fxe5 Nfd5 19. Ba7 Rb7 20. Bd4 Nxc3 21.
bxc3 Nd5 22. c4 bxc4 23. Nxc4 Bb5 24. Rab1 Bb4 25. Nd6 Bxe2 26. Qxe2 Rbb8 27.
Nb5 Qa5 28. c4 Ne7 29. Ra1 Qd8 30. Rfd1 Nf5 31. Qb2 Nxd4 32. Rxd4 Qe7 33. Ra7
Qc5 34. Rc7 Qxe5 35. Qa1 Rxb5 36. cxb5 Bd6 37. g3 Bxc7 38. Qa7 Qe1+ 39. Kg2
Qe2+ 0-1

[Event "Torneo A"]
[Site "Formia ITA"]
[Date "1995.07.??"]
[Round "?"]
[White "Zelcic, Robert"]
[Black "Lanzani, Mario"]
[Result "0-1"]
[WhiteElo "2500"]
[BlackElo "2330"]
[PlyCount "90"]
[EventDate "1995.07.20"]

1. e4 e6 2. d4 d5 3. Nc3 Bb4 4. e5 c5 5. Bd2 Ne7 6. dxc5 Bxc5 7. f4 Nf5 8. Nf3
Ne3 9. Bxe3 Bxe3 10. g3 Qb6 11. Bb5+ Bd7 12. Qd3 a6 13. Bxd7+ Nxd7 14. Kf1 Bc5
15. Kg2 g6 16. h4 h5 17. Rad1 Be7 18. Ng5 Nc5 19. Qd4 Qxb2 20. Rd2 Qb6 21. Rb1
Qc6 22. Kh2 Rc8 23. a4 Nd7 24. Ne2 O-O 25. c4 Qxc4 26. Rxb7 Bxg5 27. Rxd7 Bd8
28. Rb2 Ba5 29. Qd1 Rb8 30. Rc2 Qxa4 31. Rxf7 Qe4 32. Rxf8+ Kxf8 33. Nd4 Kf7
34. Nc6 Rb5 35. Nd4 Rb7 36. Qa1 Qe1 37. Qa4 Bd2 38. Kg2 Be3 39. Qc6 Qg1+ 40.
Kf3 Re7 41. Nxe6 Rxe6 42. Qd7+ Re7 43. Qxd5+ Kg7 44. Rg2 Qc1 45. g4 Bxf4 0-1

[Event "Torneo A"]
[Site "Formia ITA"]
[Date "1995.07.??"]
[Round "?"]
[White "Zelcic, Robert"]
[Black "Martorelli, Antonio"]
[Result "0-1"]
[WhiteElo "2500"]
[BlackElo "2320"]
[PlyCount "66"]
[EventDate "1995.07.20"]

1. e4 c5 2. Nf3 e6 3. d4 cxd4 4. Nxd4 a6 5. Be2 Nf6 6. Nc3 Bb4 7. O-O Bxc3 8.
bxc3 Nxe4 9. Bf3 d5 10. Bxe4 dxe4 11. Ba3 e5 12. Qh5 Qf6 13. Nb3 Bf5 14. Rad1
Qg6 15. Qe2 Nc6 16. Qe3 Rd8 17. Qb6 Rxd1 18. Rxd1 Bh3 19. Kf1 Bxg2+ 20. Ke1 Bf3
21. Ra1 Qg1+ 22. Kd2 Qg5+ 23. Ke1 Nd4 24. Nxd4 exd4 25. Qxd4 Qg1+ 26. Kd2 Qxa1
27. Ke3 f6 28. h4 h5 29. Kf4 Qg1 30. Qc4 g5+ 31. Kf5 Qg4+ 32. Kxf6 Rh6+ 33. Kg7
Qe6 0-1

[Event "Torneo A"]
[Site "Formia ITA"]
[Date "1995.07.??"]
[Round "?"]
[White "Zlochevskij, Alexander"]
[Black "Drasko, Milan"]
[Result "1/2-1/2"]
[WhiteElo "2465"]
[BlackElo "2505"]
[PlyCount "29"]
[EventDate "1995.07.20"]

1. d4 d5 2. c4 dxc4 3. e3 Nf6 4. Bxc4 e6 5. Nf3 c5 6. O-O a6 7. Bb3 Nc6 8. Nc3
Be7 9. dxc5 Bxc5 10. Qxd8+ Kxd8 11. Bd2 Ke7 12. Rac1 Ba7 13. Rfd1 Rd8 14. h3 h6
15. a3 1/2-1/2

[Event "Torneo A"]
[Site "Formia ITA"]
[Date "1995.07.??"]
[Round "?"]
[White "Zlochevskij, Alexander"]
[Black "Malaniuk, Vladimir P."]
[Result "1/2-1/2"]
[WhiteElo "2465"]
[BlackElo "2580"]
[PlyCount "30"]
[EventDate "1995.07.20"]

1. d4 f5 2. Nf3 Nf6 3. Bg5 e6 4. Nbd2 Be7 5. Bxf6 Bxf6 6. e4 d5 7. exf5 exf5 8.
Bd3 O-O 9. O-O Nc6 10. c3 Qd6 11. Qc2 g6 12. Rae1 Bd7 13. Re2 Rae8 14. Rfe1
Rxe2 15. Rxe2 Re8 1/2-1/2

[Event "Torneo A"]
[Site "Formia ITA"]
[Date "1995.07.??"]
[Round "?"]
[White "Zlochevskij, Alexander"]
[Black "Palac, Mladen"]
[Result "1/2-1/2"]
[WhiteElo "2465"]
[BlackElo "2515"]
[PlyCount "20"]
[EventDate "1995.07.20"]

1. d4 d5 2. c4 c6 3. Nf3 dxc4 4. e3 b5 5. a4 e6 6. axb5 cxb5 7. b3 Bb4+ 8. Bd2
Bxd2+ 9. Nfxd2 a5 10. bxc4 b4 1/2-1/2

[Event "Torneo A"]
[Site "Formia ITA"]
[Date "1995.07.??"]
[Round "?"]
[White "Zlochevskij, Alexander"]
[Black "Vukovic, Zdravko"]
[Result "1/2-1/2"]
[WhiteElo "2465"]
[BlackElo "2470"]
[PlyCount "31"]
[EventDate "1995.07.20"]

1. d4 d5 2. c4 e6 3. Nc3 Be7 4. Nf3 Nf6 5. Bg5 O-O 6. e3 Nbd7 7. Rc1 a6 8. a4
c5 9. cxd5 Nxd5 10. Bxe7 Qxe7 11. Nxd5 exd5 12. b3 cxd4 13. Nxd4 Nf6 14. Be2
Be6 15. O-O Rfc8 16. Bd3 1/2-1/2

[Event "Torneo B"]
[Site "Formia ITA"]
[Date "1995.07.??"]
[Round "?"]
[White "Accardo, Francesco"]
[Black "Bellincampi, Stefano"]
[Result "1/2-1/2"]
[WhiteElo "1898"]
[BlackElo "2060"]
[PlyCount "76"]
[EventDate "1995.07.20"]

1. e4 c6 2. d4 d5 3. e5 Bf5 4. Be2 e6 5. Nf3 c5 6. O-O Nc6 7. c4 dxc4 8. Nbd2
cxd4 9. Nxc4 d3 10. Bg5 Qd7 11. Re1 dxe2 12. Qb3 h6 13. Bh4 g5 14. Bg3 h5 15.
Rxe2 O-O-O 16. Rd2 Qc7 17. Nd6+ Bxd6 18. exd6 Qb6 19. Qc3 Nh6 20. Be5 Rhg8 21.
d7+ Rxd7 22. Rxd7 Kxd7 23. Rd1+ Kc8 24. Rc1 g4 25. Nd4 Rd8 26. a4 Kd7 27. Nxc6
bxc6 28. Qd2+ Kc8 29. Qxh6 Qb3 30. Rxc6+ Kb7 31. Rc7+ Ka8 32. h4 gxh3 33. Qe3
Qxe3 34. fxe3 hxg2 35. Kxg2 Rd5 36. Bd4 Ra5 37. Rxf7 Rxa4 38. Kg3 Bg4 1/2-1/2

[Event "Torneo B"]
[Site "Formia ITA"]
[Date "1995.07.??"]
[Round "?"]
[White "Accardo, Francesco"]
[Black "Fuggetta, Leonardo"]
[Result "1-0"]
[WhiteElo "1898"]
[BlackElo "2115"]
[PlyCount "60"]
[EventDate "1995.07.20"]

1. e4 g6 2. Bc4 Bg7 3. c3 d6 4. f4 c6 5. Nf3 b5 6. Bb3 a5 7. d4 a4 8. Bc2 e6 9.
Be3 Nd7 10. e5 d5 11. O-O Ne7 12. Nbd2 Ba6 13. Bd3 Qc8 14. Qe2 Nf5 15. Bf2 h5
16. Rac1 Bf8 17. Ng5 Qb7 18. b3 a3 19. b4 Qc7 20. Rc2 Be7 21. Qe1 Bxg5 22. fxg5
O-O 23. Qc1 Bc8 24. Nb1 Qa7 25. Qf4 Nb6 26. Be3 Qe7 27. Bc1 Ra7 28. h3 Bd7 29.
g4 Ng7 30. Be2 Nc4 1-0

[Event "Torneo B"]
[Site "Formia ITA"]
[Date "1995.07.??"]
[Round "?"]
[White "Accardo, Francesco"]
[Black "Tribuiani, Renato"]
[Result "1-0"]
[WhiteElo "1898"]
[BlackElo "2110"]
[PlyCount "82"]
[EventDate "1995.07.20"]

1. e4 Nc6 2. Bc4 Nf6 3. Nc3 e6 4. Bb5 a6 5. Bxc6 bxc6 6. d3 e5 7. Nge2 d5 8.
Bg5 d4 9. Na4 h6 10. Bd2 g5 11. h4 g4 12. Ng3 h5 13. a3 Nd7 14. Bg5 f6 15. Bd2
Nb6 16. c4 dxc3 17. Bxc3 c5 18. b4 Nxa4 19. Qxa4+ Qd7 20. Qc2 Qc6 21. Bb2 Bd7
22. Rc1 Bh6 23. O-O Bxc1 24. Rxc1 Kf7 25. d4 exd4 26. bxc5 Rab8 27. Bxd4 Be6
28. e5 Qd5 29. Qd2 Rbd8 30. Qf4 Ke7 31. exf6+ Kf7 32. Be3 Rd7 33. Ne4 Qf5 34.
Ng5+ Ke8 35. f7+ Rxf7 36. Qd4 Rhf8 37. Nxf7 Kxf7 38. Bg5 Rb8 39. Bh6 Rb1 40.
Qg7+ Ke8 41. Qh8+ Kf7 1-0

[Event "Torneo B"]
[Site "Formia ITA"]
[Date "1995.07.??"]
[Round "?"]
[White "Andreoli, Mark"]
[Black "Auletta, Angelo"]
[Result "0-1"]
[WhiteElo "2085"]
[BlackElo "2230"]
[PlyCount "62"]
[EventDate "1995.07.20"]

1. e4 c5 2. Nf3 e6 3. d4 cxd4 4. Nxd4 Nf6 5. Nc3 d6 6. Bc4 a6 7. Bb3 Qc7 8. O-O
b5 9. a3 Be7 10. f4 O-O 11. Kh1 Bb7 12. f5 e5 13. Nde2 Nbd7 14. Ng3 h6 15. Nh5
Rad8 16. Nxg7 Kxg7 17. Bxh6+ Kxh6 18. Qd2+ Kg7 19. Qg5+ Kh8 20. Qh6+ Nh7 21. f6
Bxf6 22. Rf5 Bg7 23. Qh4 Ndf6 24. Raf1 Qe7 25. Rh5 Rde8 26. Rhf5 Nxe4 27. Qe1
Nef6 28. Ne2 Bc8 29. R5f3 d5 30. c3 e4 31. Rg3 Nh5 0-1

[Event "Torneo B"]
[Site "Formia ITA"]
[Date "1995.07.??"]
[Round "?"]
[White "Andreoli, Mark"]
[Black "Liguori, Renato"]
[Result "1-0"]
[WhiteElo "2085"]
[BlackElo "1888"]
[PlyCount "99"]
[EventDate "1995.07.20"]

1. e4 e6 2. d4 d5 3. Nc3 dxe4 4. Nxe4 Nd7 5. Nf3 Ngf6 6. Bg5 Be7 7. Bxf6 gxf6
8. Qd2 h6 9. O-O-O c6 10. Kb1 Qc7 11. c4 Nb6 12. Nc3 Bd7 13. d5 exd5 14. cxd5
Bf5+ 15. Bd3 Bxd3+ 16. Qxd3 O-O-O 17. Qf5+ Kb8 18. dxc6 Qxc6 19. Rc1 Qe6 20.
Qc2 Qg4 21. Qe4 Qg6 22. Rhe1 Bc5 23. Rc2 f5 24. Qe2 f6 25. Qb5 Bd6 26. Rce2
Qxg2 27. Qxf5 Bxh2 28. Nxh2 Qxh2 29. Qxf6 Rhf8 30. Qe7 h5 31. a4 Qd6 32. Qh4
Qg6+ 33. Ka1 a6 34. Re6 Qg4 35. Qxg4 hxg4 36. Rxb6 Ka7 37. Rg6 Rxf2 38. Rxg4
Rd7 39. Rge4 b5 40. Re7 Rxe7 41. Rxe7+ Kb6 42. Re6+ Ka5 43. Re5 Kb4 44. axb5
axb5 45. Rxb5+ Kc4 46. Ka2 Rf3 47. Rh5 Rf4 48. Ka3 Rg4 49. Rh8 Kd3 50. Rc8 1-0

[Event "Torneo B"]
[Site "Formia ITA"]
[Date "1995.07.??"]
[Round "?"]
[White "Andreoli, Mark"]
[Black "Mihalj, Miroslav M."]
[Result "0-1"]
[WhiteElo "2085"]
[BlackElo "2240"]
[PlyCount "90"]
[EventDate "1995.07.20"]

1. e4 c5 2. d4 cxd4 3. c3 d3 4. Qxd3 d6 5. Na3 Nc6 6. Nf3 g6 7. Bg5 Bg7 8. Rd1
Qa5 9. Nc4 Qxa2 10. Nxd6+ exd6 11. Qxd6 f6 12. Bb5 Qe6 13. Bxc6+ bxc6 14. Qd8+
Kf7 15. O-O Ne7 16. Qc7 Ba6 17. Rfe1 Rhc8 18. Qa5 c5 19. e5 fxe5 20. Bf4 Qb6
21. Qa2+ c4 22. Nxe5+ Bxe5 23. Bxe5 Rd8 24. Bd4 Qc6 25. b4 Bb7 26. f3 Nf5 27.
Bc5 Rxd1 28. Rxd1 Qe6 29. Qd2 Bc6 30. Qf4 Kg8 31. Qc7 Re8 32. Qf4 Qe2 33. Ra1
Ne3 34. Bxe3 Qxe3+ 35. Qxe3 Rxe3 36. Rxa7 Rxc3 37. Rc7 Bd5 38. b5 Rb3 39. Rc5
Be6 40. Kf2 Kf7 41. h4 Ke7 42. Rc7+ Kd6 43. Rxh7 c3 44. Ke1 Rb1+ 45. Ke2 c2 0-1

[Event "Torneo B"]
[Site "Formia ITA"]
[Date "1995.07.??"]
[Round "?"]
[White "Andreoli, Mark"]
[Black "Mordiglia, Riccardo"]
[Result "0-1"]
[WhiteElo "2085"]
[BlackElo "2015"]
[PlyCount "84"]
[EventDate "1995.07.20"]

1. e4 e5 2. d4 d6 3. dxe5 dxe5 4. Qxd8+ Kxd8 5. Nc3 c6 6. Bc4 f6 7. Be3 Nd7 8.
O-O-O Kc7 9. f4 Bd6 10. Nge2 exf4 11. Nxf4 Ne5 12. Be2 Nh6 13. h3 Nhf7 14. a3
Ng5 15. Nh5 Ne6 16. g4 Bd7 17. Rhf1 b5 18. Bxb5 cxb5 19. Nd5+ Kc6 20. Nhf4 Nc4
21. Bg1 a5 22. Nxe6 Bxe6 23. Rf3 b4 24. a4 Rhe8 25. b3 Ne5 26. Rff1 Bf7 27. Bh2
Bg6 28. Rfe1 Nf7 29. Bg1 Bxe4 30. Nb6 Bf4+ 31. Kb1 Rab8 32. Nc4 Bc7 33. Rf1 Bg6
34. Rd2 Ng5 35. h4 Ne4 36. Rg2 Nc3+ 37. Kb2 Bf7 38. Rf5 Re1 39. Rc5+ Kd7 40.
Nd2 Bf4 41. Rxa5 Bxd2 42. Rxd2+ Ke8 0-1

[Event "Torneo B"]
[Site "Formia ITA"]
[Date "1995.07.??"]
[Round "?"]
[White "Andreoli, Mark"]
[Black "Segatini, Andrea"]
[Result "0-1"]
[WhiteElo "2085"]
[BlackElo "1902"]
[PlyCount "78"]
[EventDate "1995.07.20"]

1. e4 d6 2. d4 Nf6 3. Nc3 g6 4. Bc4 Bg7 5. Qe2 c6 6. a4 e5 7. dxe5 dxe5 8. h3
O-O 9. Nf3 Nh5 10. O-O Nd7 11. Re1 Nc5 12. Bg5 Qc7 13. Rad1 Ne6 14. Bxe6 Bxe6
15. Qe3 f6 16. Bh6 b6 17. Bxg7 Kxg7 18. Ne2 Kg8 19. b3 Rad8 20. g4 Ng7 21. Nh4
Rd7 22. Rxd7 Qxd7 23. f4 exf4 24. Nxf4 Bf7 25. Nd3 Re8 26. Nf3 Qd6 27. e5 fxe5
28. Nfxe5 Be6 29. Nf4 Bc8 30. Qc3 c5 31. Qc4+ Be6 32. Nxe6 Qxe6 33. Qe4 Qd6 34.
Kg2 h6 35. Re2 Re6 36. h4 Qe7 37. Nxg6 Qf6 38. Qa8+ Ne8 39. Qd5 Nc7 0-1

[Event "Torneo B"]
[Site "Formia ITA"]
[Date "1995.07.??"]
[Round "?"]
[White "Auletta, Angelo"]
[Black "La Gatta, Giovanni"]
[Result "0-1"]
[WhiteElo "2230"]
[BlackElo "2055"]
[PlyCount "34"]
[EventDate "1995.07.20"]

1. e4 c5 2. Nf3 d6 3. Nc3 Nf6 4. d4 cxd4 5. Nxd4 a6 6. f4 Nbd7 7. a4 e5 8. Nf3
Be7 9. Bd3 O-O 10. O-O exf4 11. Bxf4 Qb6+ 12. Kh1 Qxb2 13. Qe1 Qb4 14. Be3 Bd8
15. a5 Bxa5 16. Bd4 Ne5 17. Ra4 Qxa4 0-1

[Event "Torneo B"]
[Site "Formia ITA"]
[Date "1995.07.??"]
[Round "?"]
[White "Auletta, Angelo"]
[Black "Mihalj, Miroslav M."]
[Result "0-1"]
[WhiteElo "2230"]
[BlackElo "2240"]
[PlyCount "82"]
[EventDate "1995.07.20"]

1. e4 d6 2. d4 Nc6 3. Nf3 Nf6 4. Nc3 Bg4 5. Bb5 a6 6. Bxc6+ bxc6 7. h3 Bh5 8.
Bg5 Qb8 9. Qd3 Bxf3 10. Qxf3 Nd7 11. O-O e6 12. b3 h6 13. Bh4 g6 14. d5 cxd5
15. exd5 e5 16. g4 Bg7 17. Ne4 O-O 18. Bf6 Nxf6 19. Nxf6+ Bxf6 20. Qxf6 Qd8 21.
Qxd8 Raxd8 22. f4 f5 23. gxf5 Rxf5 24. fxe5 Rxe5 25. c4 Rde8 26. Rf2 Re1+ 27.
Rxe1 Rxe1+ 28. Kg2 Kg7 29. Kg3 a5 30. Rc2 Re3+ 31. Kg2 Kf6 32. Rf2+ Ke5 33. Rf7
Re2+ 34. Kf3 Rxa2 35. Rxc7 Ra3 36. Re7+ Kd4 37. Re4+ Kc5 38. Re3 Kb4 39. c5
Kxc5 40. Ke4 Kb4 41. Rg3 g5 0-1

[Event "Torneo B"]
[Site "Formia ITA"]
[Date "1995.07.??"]
[Round "?"]
[White "Auletta, Angelo"]
[Black "Milivojevic, Slobodanka"]
[Result "1-0"]
[WhiteElo "2230"]
[BlackElo "2065"]
[PlyCount "113"]
[EventDate "1995.07.20"]

1. e4 c5 2. Nf3 Nc6 3. Bb5 g6 4. O-O Bg7 5. Re1 e6 6. Bxc6 bxc6 7. e5 Ne7 8.
Nc3 d5 9. exd6 Qxd6 10. Ne4 Qd5 11. c4 Qd8 12. Nxc5 Nf5 13. Rb1 O-O 14. b4 a5
15. a3 Nd4 16. d3 axb4 17. axb4 Ra2 18. Nxd4 Bxd4 19. Be3 e5 20. Qb3 Ra7 21.
Bxd4 Qxd4 22. Qb2 Qxb2 23. Rxb2 Bf5 24. f3 f6 25. g4 Bc8 26. Rc1 h5 27. b5 cxb5
28. cxb5 Rff7 29. b6 Rae7 30. Ne4 Bb7 31. Nd6 Rg7 32. Rbc2 Bxf3 33. Rc7 hxg4
34. Rxe7 Rxe7 35. Rc7 Re6 36. b7 Bxb7 37. Nxb7 f5 38. Nc5 Rd6 39. Rd7 Rc6 40.
Rd5 e4 41. dxe4 fxe4 42. Nxe4 Kf7 43. Re5 Rc2 44. Nf2 Rc4 45. Kg2 Kf6 46. Re4
Rxe4 47. Nxe4+ Kf5 48. Nc3 Kf4 49. Nd1 g5 50. Nf2 g3 51. hxg3+ Ke3 52. Ng4+ Ke4
53. Kf2 Kf5 54. Kf3 Kg6 55. Ne3 Kh5 56. Ke4 Kg6 57. Ke5 1-0